Kỷ yếu hội thảo khoa học : Nâng cao chất lượng giáo dục lý luận chính trị góp phần bảo vệ nền tảng tư tưởng của Đảng ở trường chính trị, cao đẳng, đại học trên địa bàn tỉnh Kiên Giang
Gồm các bài viết về những giá trị bền vững của chủ nghĩa Mác-Lênin; đẩy nhanh việc nhận thức và vận dụng sáng tạo, phát triển những giá trị bền vững, phổ biến của chủ nghĩa Mác-Lênin trong sự nghiệp đổi mới đất nước hiện nay; củn...
Guardado en:
| Formato: | Libro |
|---|---|
| Lenguaje: | Undetermined |
| Publicado: |
Hà Nội
Lý luận Chính trị
2020
|
| Materias: | |
| Etiquetas: |
Agregar Etiqueta
Sin Etiquetas, Sea el primero en etiquetar este registro!
|
| Thư viện lưu trữ: | Trung tâm Học liệu Trường Đại học Cần Thơ |
|---|
| LEADER | 01509nam a2200205Ia 4500 | ||
|---|---|---|---|
| 001 | CTU_240026 | ||
| 008 | 210402s9999 xx 000 0 und d | ||
| 082 | |a 320.0711 | ||
| 082 | |b K600 | ||
| 245 | 0 | |a Kỷ yếu hội thảo khoa học : | |
| 245 | 0 | |b Nâng cao chất lượng giáo dục lý luận chính trị góp phần bảo vệ nền tảng tư tưởng của Đảng ở trường chính trị, cao đẳng, đại học trên địa bàn tỉnh Kiên Giang | |
| 245 | 0 | |c Trường Chính trị tỉnh Kiên Giang | |
| 260 | |a Hà Nội | ||
| 260 | |b Lý luận Chính trị | ||
| 260 | |c 2020 | ||
| 520 | |a Gồm các bài viết về những giá trị bền vững của chủ nghĩa Mác-Lênin; đẩy nhanh việc nhận thức và vận dụng sáng tạo, phát triển những giá trị bền vững, phổ biến của chủ nghĩa Mác-Lênin trong sự nghiệp đổi mới đất nước hiện nay; củng cố niềm tin khoa học vào bản chất cách mạng và khoa học của chủ nghĩa Mác-Lênin trong giảng dạy lý luận chính trị ở trường chính trị góp phần bảo vệ nền tảng tư tưởng của Đảng... | ||
| 650 | |a Khoa học chính trị,Political science | ||
| 650 | |x Dạy và học,Study and teaching | ||
| 910 | |b nthai | ||
| 980 | |a Trung tâm Học liệu Trường Đại học Cần Thơ | ||